Butterfly Counting (Record no. 48649)
| 000 -LEADER | |
|---|---|
| fixed length control field | 00388nam a22001217a 4500 |
| 008 - FIXED-LENGTH DATA ELEMENTS--GENERAL INFORMATION | |
| fixed length control field | 250319b |||||||| |||| 00| 0 eng d |
| 020 ## - INTERNATIONAL STANDARD BOOK NUMBER | |
| International Standard Book Number | 9781570914157 |
| 100 ## - MAIN ENTRY--PERSONAL NAME | |
| Personal name | Jerry Pallotta (Author), Shennen Bersani (Illustrator) |
| 9 (RLIN) | 86151 |
| 245 ## - TITLE STATEMENT | |
| Title | Butterfly Counting |
| 260 ## - PUBLICATION, DISTRIBUTION, ETC. (IMPRINT) | |
| Place of publication, distribution, etc | United State of America |
| Name of publisher, distributor, etc | Charlesbridge |
| Date of publication, distribution, etc | 2015 |
| 300 ## - PHYSICAL DESCRIPTION | |
| Extent | 32 p |
| Other physical details | col. ill. |
| Dimensions | 11 x 0.14 x 8.5 inches |
| 942 ## - ADDED ENTRY ELEMENTS (KOHA) | |
| Source of classification or shelving scheme | |
| Withdrawn status | Lost status | Source of classification or shelving scheme | Damaged status | Not for loan | Collection code | Home library | Current library | Date acquired | Total Checkouts | Full call number | Barcode | Date last seen | Price effective from | Koha item type |
|---|---|---|---|---|---|---|---|---|---|---|---|---|---|---|
| Non-Fiction | Asian Hope Siem Reap | Asian Hope Siem Reap | 03/19/2025 | NFIC JER | 207745 | 03/19/2025 | 03/19/2025 | Book |